[Event "RAPID Gran Prix 2016"]
[Site "Khanty-Mansiysk"]
[Date "2016.12.02"]
[Round "6.1"]
[White "Anikonov, Dmitry"]
[Black "Sukhareva, Evgeniya"]
[Result "1-0"]
[LiveChessVersion "1.4.4"]
[BlackElo "2306"]
[WhiteElo "2451"]

1. d4 {[%clk 0:15:19]} d5 {[%clk 0:15:19]} 2. c4 {[%clk 0:15:25]} e6
{[%clk 0:15:27]} 3. Nc3 {[%clk 0:15:33]} Nf6 {[%clk 0:15:33]} 4. Nf3
{[%clk 0:15:36]} c5 {[%clk 0:15:25]} 5. cxd5 {[%clk 0:15:35]} Nxd5
{[%clk 0:15:30]} 6. e4 {[%clk 0:15:27]} Nxc3 {[%clk 0:15:38]} 7. bxc3
{[%clk 0:15:35]} cxd4 {[%clk 0:15:47]} 8. cxd4 {[%clk 0:15:43]} Bb4+
{[%clk 0:15:56]} 9. Bd2 {[%clk 0:15:51]} Bxd2+ {[%clk 0:16:05]} 10. Qxd2
{[%clk 0:16:00]} O-O {[%clk 0:16:13]} 11. Bd3 {[%clk 0:14:49]} b6
{[%clk 0:15:48]} 12. O-O {[%clk 0:14:52]} Bb7 {[%clk 0:15:57]} 13. Rad1
{[%clk 0:14:36]} Nd7 {[%clk 0:16:03]} 14. Rfe1 {[%clk 0:14:39]} Rc8
{[%clk 0:15:52]} 15. h3 {[%clk 0:14:01]} Qe7 {[%clk 0:12:01]} 16. Bb1
{[%clk 0:10:54]} Rfd8 {[%clk 0:06:44]} 17. Qf4 {[%clk 0:10:05]} Qf6
{[%clk 0:06:15]} 18. Qe3 {[%clk 0:10:13]} Qe7 {[%clk 0:06:02]} 19. Rd2
{[%clk 0:07:17]} h6 {[%clk 0:05:36]} 20. Qb3 {[%clk 0:06:10]} Qf6
{[%clk 0:04:52]} 21. a4 {[%clk 0:05:22]} Qf4 {[%clk 0:04:13]} 22. g3
{[%clk 0:05:21]} Qb8 {[%clk 0:03:16]} 23. Kg2 {[%clk 0:05:26]} Nf6
{[%clk 0:03:05]} 24. Qd3 {[%clk 0:04:03]} g6 {[%clk 0:02:36]} 25. Qe3
{[%clk 0:03:13]} Kg7 {[%clk 0:02:32]} 26. Ne5 {[%clk 0:03:04]} Qc7
{[%clk 0:01:27]} 27. Qf4 {[%clk 0:00:59]} Qc3 {[%clk 0:00:31]} 28. Red1
{[%clk 0:00:53]} Qb4 {[%clk 0:00:26]} 29. Kh2 {[%clk 0:00:40]} Qe7
{[%clk 0:00:31]} 30. Re2 {[%clk 0:00:34]} Qc7 {[%clk 0:00:28]} 31. h4
{[%clk 0:00:33]} Qe7 {[%clk 0:00:25]} 32. Re3 {[%clk 0:00:38]} Nh5
{[%clk 0:00:21]} 33. Qg4 {[%clk 0:00:30]} Nf6 {[%clk 0:00:29]} 34. Qe2
{[%clk 0:00:39]} Nd7 {[%clk 0:00:28]} 35. Nd3 {[%clk 0:00:28]} Nf6
{[%clk 0:00:25]} 36. Nf4 {[%clk 0:00:15]} h5 {[%clk 0:00:25]} 37. f3
{[%clk 0:00:16]} Rc7 {[%clk 0:00:25]} 38. d5 {[%clk 0:00:21]} e5 {[%clk 0:00:15]}
39. Nh3 {[%clk 0:00:23]} Qd7 {[%clk 0:00:17]} 40. Qa2 {[%clk 0:00:19]} Qd6
{[%clk 0:00:20]} 41. Qb2 {[%clk 0:00:26]} Nd7 {[%clk 0:00:22]} 42. Ng5
{[%clk 0:00:29]} Rdc8 {[%clk 0:00:21]} 43. Rd2 {[%clk 0:00:32]} Kg8
{[%clk 0:00:26]} 44. Bc2 {[%clk 0:00:33]} Qc5 {[%clk 0:00:25]} 45. Red3
{[%clk 0:00:31]} Qd6 {[%clk 0:00:29]} 46. Bd1 {[%clk 0:00:37]} Ba6
{[%clk 0:00:33]} 47. Re3 {[%clk 0:00:41]} Nc5 {[%clk 0:00:17]} 48. f4
{[%clk 0:00:30]} exf4 {[%clk 0:00:14]} 49. e5 {[%clk 0:00:38]} Qd7
{[%clk 0:00:19]} 50. gxf4 {[%clk 0:00:41]} Nxa4 {[%clk 0:00:25]} 51. e6
{[%clk 0:00:41]} Nxb2 {[%clk 0:00:23]} 52. exd7 {[%clk 0:00:49]} Rxd7
{[%clk 0:00:30]} 53. Rxb2 {[%clk 0:00:57]} Rxd5 {[%clk 0:00:33]} 54. Bb3
{[%clk 0:01:06]} Bc4 {[%clk 0:00:39]} 55. Rc2 {[%clk 0:01:06]} b5
{[%clk 0:00:45]} 56. Bxc4 {[%clk 0:00:47]} Rxc4 {[%clk 0:00:40]} 57. Rxc4
{[%clk 0:00:49]} bxc4 {[%clk 0:00:49]} 58. Re8+ {[%clk 0:00:57]} Kg7
{[%clk 0:00:56]} 59. Rc8 {[%clk 0:01:06]} Rd7 {[%clk 0:00:17]} 60. Rxc4
{[%clk 0:01:13]} a5 {[%clk 0:00:24]} 61. Kg3 {[%clk 0:00:56]} Rb7
{[%clk 0:00:24]} 62. Kf3 {[%clk 0:00:56]} Rb3+ {[%clk 0:00:25]} 63. Ke2
{[%clk 0:00:56]} Rb4 {[%clk 0:00:25]} 64. Rc7 {[%clk 0:01:03]} a4
{[%clk 0:00:14]} 65. Rxf7+ {[%clk 0:01:00]} Kg8 {[%clk 0:00:23]} 66. Ke3
{[%clk 0:00:59]} a3 {[%clk 0:00:20]} 67. Ra7 {[%clk 0:01:07]} Rb3+
{[%clk 0:00:20]} 68. Ke4 {[%clk 0:01:16]} Rb4+ {[%clk 0:00:29]} 69. Ke5
{[%clk 0:01:25]} Rb5+ {[%clk 0:00:31]} 70. Kf6 {[%clk 0:01:25]} Rb6+
{[%clk 0:00:34]} 71. Ne6 {[%clk 0:01:29]} Kh8 {[%clk 0:00:15]} 72. Rxa3
{[%clk 0:01:35]} 1-0

[Event "RAPID Gran Prix 2016"]
[Site "Khanty-Mansiysk"]
[Date "2016.12.02"]
[Round "6.3"]
[White "Dreev, Aleksey"]
[Black "Demidov, Mikhail"]
[Result "1/2-1/2"]
[LiveChessVersion "1.4.4"]
[BlackElo "2514"]
[WhiteElo "2705"]

1. d4 {[%clk 0:15:18]} d5 {[%clk 0:15:19]} 2. c4 {[%clk 0:15:27]} dxc4
{[%clk 0:15:27]} 3. Nf3 {[%clk 0:15:24]} Nf6 {[%clk 0:15:31]} 4. e3
{[%clk 0:14:37]} e6 {[%clk 0:15:38]} 5. Bxc4 {[%clk 0:14:46]} a6 {[%clk 0:15:47]}
6. O-O {[%clk 0:14:46]} c5 {[%clk 0:15:19]} 7. b3 {[%clk 0:14:52]} cxd4
{[%clk 0:15:11]} 8. Nxd4 {[%clk 0:14:57]} Bd7 {[%clk 0:15:16]} 9. Bb2
{[%clk 0:14:41]} Nc6 {[%clk 0:15:19]} 10. Nd2 {[%clk 0:14:34]} Be7
{[%clk 0:15:09]} 11. Be2 {[%clk 0:14:22]} Rc8 {[%clk 0:14:05]} 12. Nc4
{[%clk 0:12:53]} O-O {[%clk 0:11:49]} 13. Bf3 {[%clk 0:12:50]} Nxd4
{[%clk 0:09:50]} 14. Qxd4 {[%clk 0:12:56]} Bc6 {[%clk 0:09:44]} 15. Qxd8
{[%clk 0:08:52]} Rfxd8 {[%clk 0:09:51]} 16. Nb6 {[%clk 0:09:01]} Rc7
{[%clk 0:09:28]} 17. Rfc1 {[%clk 0:07:22]} Nd7 {[%clk 0:05:19]} 18. Bxc6
{[%clk 0:05:25]} Nxb6 {[%clk 0:05:25]} 19. Bf3 {[%clk 0:05:31]} Rcd7
{[%clk 0:05:31]} 20. Rd1 {[%clk 0:04:22]} Bf6 {[%clk 0:03:01]} 21. Bxf6
{[%clk 0:04:29]} gxf6 {[%clk 0:03:09]} 22. Rxd7 {[%clk 0:03:55]} Rxd7
{[%clk 0:03:17]} 23. g4 {[%clk 0:03:48]} Rc7 {[%clk 0:03:18]} 24. Rd1
{[%clk 0:03:38]} Nd7 {[%clk 0:03:25]} 25. Be4 {[%clk 0:03:45]} h6
{[%clk 0:03:16]} 26. Kg2 {[%clk 0:03:50]} Kf8 {[%clk 0:01:48]} 27. Rd2
{[%clk 0:03:48]} b6 {[%clk 0:01:22]} 28. Kg3 {[%clk 0:03:44]} Ke7
{[%clk 0:01:19]} 29. Rc2 {[%clk 0:03:22]} Nc5 {[%clk 0:01:14]} 30. Bf3
{[%clk 0:03:04]} a5 {[%clk 0:01:19]} 31. Kh4 {[%clk 0:02:25]} Kf8
{[%clk 0:01:09]} 32. Rd2 {[%clk 0:01:50]} Nd7 {[%clk 0:00:36]} 33. Be4
{[%clk 0:01:47]} Nc5 {[%clk 0:00:29]} 34. Bb1 {[%clk 0:01:38]} Nd7
{[%clk 0:00:36]} 35. Rc2 {[%clk 0:01:23]} Nc5 {[%clk 0:00:40]} 36. Rd2
{[%clk 0:01:28]} Nd7 {[%clk 0:00:49]} 37. Bd3 {[%clk 0:01:30]} Ne5
{[%clk 0:00:40]} 38. Be2 {[%clk 0:01:36]} Rc3 {[%clk 0:00:26]} 39. Kg3
{[%clk 0:01:26]} Ke7 {[%clk 0:00:35]} 40. h3 {[%clk 0:00:56]} Rc1
{[%clk 0:00:24]} 41. f4 {[%clk 0:00:34]} Nd7 {[%clk 0:00:24]} 42. Bf3
{[%clk 0:00:30]} Nc5 {[%clk 0:00:26]} 43. Bg2 {[%clk 0:00:14]} 1/2-1/2

[Event "RAPID Gran Prix 2016"]
[Site "Khanty-Mansiysk"]
[Date "2016.12.02"]
[Round "6.4"]
[White "Bocharov, Dmitry"]
[Black "Alekseev, Evgeny"]
[Result "1-0"]
[LiveChessVersion "1.4.4"]
[BlackElo "2652"]
[WhiteElo "2573"]

1. c4 {[%clk 0:13:47]} c5 {[%clk 0:15:14]} 2. Nf3 {[%clk 0:13:55]} Nc6
{[%clk 0:15:19]} 3. Nc3 {[%clk 0:14:02]} g6 {[%clk 0:15:11]} 4. e3
{[%clk 0:13:26]} Nf6 {[%clk 0:15:16]} 5. d4 {[%clk 0:13:35]} cxd4
{[%clk 0:15:23]} 6. exd4 {[%clk 0:13:44]} d5 {[%clk 0:15:30]} 7. cxd5
{[%clk 0:13:52]} Nxd5 {[%clk 0:15:38]} 8. Qb3 {[%clk 0:14:01]} e6
{[%clk 0:15:41]} 9. Bb5 {[%clk 0:14:09]} Bg7 {[%clk 0:15:41]} 10. Bxc6+
{[%clk 0:14:17]} bxc6 {[%clk 0:15:49]} 11. O-O {[%clk 0:14:24]} O-O
{[%clk 0:15:22]} 12. Na4 {[%clk 0:14:25]} Qd6 {[%clk 0:11:00]} 13. Nc5
{[%clk 0:13:32]} Rb8 {[%clk 0:11:00]} 14. Qa3 {[%clk 0:11:35]} Nb4
{[%clk 0:08:44]} 15. Qa4 {[%clk 0:10:12]} Qc7 {[%clk 0:05:09]} 16. Bd2
{[%clk 0:09:43]} Nd5 {[%clk 0:05:18]} 17. b3 {[%clk 0:09:39]} Rd8
{[%clk 0:04:50]} 18. Rac1 {[%clk 0:07:57]} Nb6 {[%clk 0:04:59]} 19. Qa3
{[%clk 0:06:31]} Rd5 {[%clk 0:05:08]} 20. Rfe1 {[%clk 0:06:09]} h6
{[%clk 0:04:27]} 21. Rc2 {[%clk 0:05:45]} g5 {[%clk 0:04:25]} 22. h3
{[%clk 0:05:44]} Nd7 {[%clk 0:04:14]} 23. Nd3 {[%clk 0:05:43]} a5
{[%clk 0:01:29]} 24. Qc1 {[%clk 0:04:51]} Bb7 {[%clk 0:01:28]} 25. h4
{[%clk 0:04:57]} Ba6 {[%clk 0:01:01]} 26. Rxc6 {[%clk 0:04:33]} Qb7
{[%clk 0:00:46]} 27. Nde5 {[%clk 0:03:09]} Nxe5 {[%clk 0:00:45]} 28. Nxe5
{[%clk 0:03:08]} Rxd4 {[%clk 0:00:20]} 29. hxg5 {[%clk 0:02:41]} Bxe5
{[%clk 0:00:19]} 30. Rxe5 {[%clk 0:01:20]} Rxd2 {[%clk 0:00:28]} 31. Rxa6
{[%clk 0:01:17]} Rbd8 {[%clk 0:00:25]} 32. Qc4 {[%clk 0:00:44]} R2d4
{[%clk 0:00:17]} 33. Qb5 {[%clk 0:00:50]} Qe7 {[%clk 0:00:21]} 34. Qxa5
{[%clk 0:00:43]} Rd1+ {[%clk 0:00:17]} 35. Kh2 {[%clk 0:00:32]} R1d5
{[%clk 0:00:12]} 36. Rxd5 {[%clk 0:00:35]} Rxd5 {[%clk 0:00:21]} 37. Ra8+
{[%clk 0:00:38]} Kh7 {[%clk 0:00:29]} 38. Qc3 {[%clk 0:00:45]} Qd6+
{[%clk 0:00:32]} 39. g3 {[%clk 0:00:46]} Rd4 {[%clk 0:00:35]} 40. Qf3
{[%clk 0:00:45]} 1-0

[Event "RAPID Gran Prix 2016"]
[Site "Khanty-Mansiysk"]
[Date "2016.12.02"]
[Round "6.5"]
[White "Maltsevskaya, Aleksandra"]
[Black "Volkov, Sergey"]
[Result "0-1"]
[LiveChessVersion "1.4.4"]
[BlackElo "2626"]
[WhiteElo "2182"]

1. e4 {[%clk 0:15:16]} e6 {[%clk 0:15:17]} 2. d4 {[%clk 0:15:23]} d5
{[%clk 0:15:25]} 3. exd5 {[%clk 0:15:29]} exd5 {[%clk 0:15:32]} 4. c3
{[%clk 0:15:36]} Bd6 {[%clk 0:15:23]} 5. Bd3 {[%clk 0:15:41]} Ne7
{[%clk 0:15:20]} 6. Ne2 {[%clk 0:15:39]} Bg4 {[%clk 0:15:09]} 7. O-O
{[%clk 0:14:48]} Nbc6 {[%clk 0:15:14]} 8. f3 {[%clk 0:13:40]} Bh5
{[%clk 0:15:04]} 9. Bf4 {[%clk 0:13:42]} Bg6 {[%clk 0:15:04]} 10. Bxd6
{[%clk 0:12:30]} Qxd6 {[%clk 0:15:11]} 11. Ng3 {[%clk 0:12:11]} O-O-O
{[%clk 0:15:04]} 12. b4 {[%clk 0:12:00]} Qf4 {[%clk 0:14:18]} 13. Re1
{[%clk 0:10:37]} Rde8 {[%clk 0:14:19]} 14. b5 {[%clk 0:07:11]} Na5
{[%clk 0:13:35]} 15. Bxg6 {[%clk 0:06:29]} hxg6 {[%clk 0:13:01]} 16. Nd2
{[%clk 0:05:03]} Nf5 {[%clk 0:12:20]} 17. Ngf1 {[%clk 0:03:59]} Nd6
{[%clk 0:09:36]} 18. Qa4 {[%clk 0:02:56]} b6 {[%clk 0:09:43]} 19. Nb3
{[%clk 0:02:05]} Ndc4 {[%clk 0:09:00]} 20. Nxa5 {[%clk 0:02:07]} Nxa5
{[%clk 0:09:06]} 21. Qa3 {[%clk 0:01:41]} g5 {[%clk 0:08:10]} 22. Re7 Rxe7
{[%clk 0:06:31]} 23. Qxe7 {[%clk 0:01:36]} Nc4 {[%clk 0:06:30]} 24. Qe2
{[%clk 0:01:14]} Nd6 {[%clk 0:06:01]} 25. Re1 Re8 {[%clk 0:05:58]} 26. Qf2
{[%clk 0:01:23]} Rxe1 {[%clk 0:05:13]} 27. Qxe1 {[%clk 0:01:32]} g4
{[%clk 0:05:12]} 28. Qh4 {[%clk 0:01:13]} Nxb5 {[%clk 0:05:02]} 29. Qxg4+
{[%clk 0:00:45]} Qxg4 {[%clk 0:05:09]} 30. fxg4 {[%clk 0:00:54]} Nxc3
{[%clk 0:05:14]} 31. Ne3 {[%clk 0:01:02]} Nxa2 {[%clk 0:04:57]} 32. h4
{[%clk 0:01:07]} Nc3 {[%clk 0:04:20]} 33. h5 {[%clk 0:00:46]} Ne4
{[%clk 0:03:53]} 34. Nf5 {[%clk 0:00:38]} a5 {[%clk 0:03:31]} 35. Nxg7
{[%clk 0:00:21]} a4 {[%clk 0:03:14]} 36. Nf5 {[%clk 0:00:30]} a3 {[%clk 0:02:51]}
37. Ne7+ {[%clk 0:00:38]} Kd7 {[%clk 0:02:28]} 0-1

[Event "RAPID Gran Prix 2016"]
[Site "Khanty-Mansiysk"]
[Date "2016.12.02"]
[Round "6.6"]
[White "Yudin, Sergei"]
[Black "Lysyj, Igor"]
[Result "1/2-1/2"]
[LiveChessVersion "1.4.4"]
[BlackElo "2625"]
[WhiteElo "2594"]

1. e4 {[%clk 0:15:18]} e5 {[%clk 0:15:19]} 2. Nf3 {[%clk 0:15:25]} Nc6
{[%clk 0:15:28]} 3. Bc4 {[%clk 0:15:32]} Bc5 {[%clk 0:15:36]} 4. O-O
{[%clk 0:15:36]} Nf6 {[%clk 0:15:44]} 5. d3 {[%clk 0:15:44]} d6 {[%clk 0:15:49]}
6. c3 {[%clk 0:15:48]} a6 {[%clk 0:15:57]} 7. a4 {[%clk 0:15:47]} O-O
{[%clk 0:16:00]} 8. Re1 {[%clk 0:15:43]} h6 {[%clk 0:15:46]} 9. h3
{[%clk 0:15:46]} Ba7 {[%clk 0:15:20]} 10. Nbd2 {[%clk 0:13:55]} Ne7
{[%clk 0:15:24]} 11. Nf1 {[%clk 0:13:07]} Ng6 {[%clk 0:15:25]} 12. Ng3
{[%clk 0:13:11]} c6 {[%clk 0:15:33]} 13. d4 {[%clk 0:12:23]} exd4
{[%clk 0:14:05]} 14. Nxd4 {[%clk 0:12:05]} Nxe4 {[%clk 0:13:40]} 15. Nxe4
{[%clk 0:06:54]} d5 {[%clk 0:13:45]} 16. Bd3 {[%clk 0:07:03]} dxe4
{[%clk 0:13:46]} 17. Bxe4 {[%clk 0:07:11]} Qf6 {[%clk 0:13:14]} 18. Be3
{[%clk 0:07:03]} Re8 {[%clk 0:12:08]} 19. Qc2 {[%clk 0:06:30]} Bd7
{[%clk 0:09:08]} 20. Bxg6 {[%clk 0:05:32]} Qxg6 {[%clk 0:07:27]} 21. Qxg6
{[%clk 0:05:39]} fxg6 {[%clk 0:07:36]} 22. Nb3 {[%clk 0:05:26]} c5
{[%clk 0:06:58]} 23. Nxc5 {[%clk 0:04:18]} Bxc5 {[%clk 0:06:59]} 24. Bxc5
{[%clk 0:04:27]} Bxa4 {[%clk 0:06:04]} 25. Rxe8+ {[%clk 0:03:45]} Bxe8
{[%clk 0:06:05]} 26. Re1 {[%clk 0:03:54]} Bc6 {[%clk 0:05:51]} 27. Re7
{[%clk 0:03:43]} Rd8 {[%clk 0:05:27]} 28. Bd4 {[%clk 0:03:48]} Rd7
{[%clk 0:05:36]} 1/2-1/2

[Event "RAPID Gran Prix 2016"]
[Site "Khanty-Mansiysk"]
[Date "2016.12.02"]
[Round "6.7"]
[White "Smirnov, Pavel"]
[Black "Maletin, Pavel"]
[Result "1/2-1/2"]
[LiveChessVersion "1.4.4"]
[BlackElo "2625"]
[WhiteElo "2589"]

1. d4 {[%clk 0:15:17]} Nf6 {[%clk 0:15:18]} 2. c4 {[%clk 0:15:24]} e6
{[%clk 0:15:27]} 3. Nf3 {[%clk 0:15:02]} b6 {[%clk 0:15:27]} 4. g3
{[%clk 0:14:58]} Bb7 {[%clk 0:15:35]} 5. Bg2 {[%clk 0:15:06]} Be7
{[%clk 0:15:42]} 6. O-O {[%clk 0:15:08]} O-O {[%clk 0:15:50]} 7. Re1
{[%clk 0:15:06]} Na6 {[%clk 0:15:47]} 8. a3 {[%clk 0:15:15]} d5 {[%clk 0:15:03]}
9. cxd5 {[%clk 0:15:19]} exd5 {[%clk 0:15:11]} 10. Nc3 {[%clk 0:15:27]} c5
{[%clk 0:15:02]} 11. Bf4 {[%clk 0:15:33]} Re8 {[%clk 0:14:51]} 12. Rc1
{[%clk 0:15:37]} Nc7 {[%clk 0:13:52]} 13. e3 {[%clk 0:13:18]} Ne6
{[%clk 0:13:47]} 14. Be5 {[%clk 0:13:21]} Rc8 {[%clk 0:10:47]} 15. dxc5
{[%clk 0:12:07]} bxc5 {[%clk 0:10:48]} 16. Qb3 {[%clk 0:12:12]} Bc6
{[%clk 0:08:57]} 17. Rcd1 {[%clk 0:10:31]} Qb6 {[%clk 0:08:30]} 18. Qxb6
{[%clk 0:10:14]} axb6 {[%clk 0:08:39]} 19. h3 {[%clk 0:09:51]} Red8
{[%clk 0:08:36]} 20. g4 {[%clk 0:09:49]} h5 {[%clk 0:06:52]} 21. g5
{[%clk 0:07:19]} Ne4 {[%clk 0:06:55]} 22. h4 {[%clk 0:07:18]} f6 {[%clk 0:07:03]}
23. Bh3 {[%clk 0:06:39]} Nf8 {[%clk 0:04:50]} 24. Bxc8 {[%clk 0:06:39]} Nxc3
{[%clk 0:04:09]} 25. Bxc3 {[%clk 0:03:28]} Rxc8 {[%clk 0:04:16]} 26. gxf6
{[%clk 0:03:12]} gxf6 {[%clk 0:04:24]} 27. Nd2 {[%clk 0:02:58]} Kf7
{[%clk 0:04:14]} 28. f4 {[%clk 0:01:53]} Ng6 {[%clk 0:03:15]} 29. Kf2
{[%clk 0:02:02]} Nxh4 {[%clk 0:01:57]} 30. Rh1 {[%clk 0:01:30]} Nf5
{[%clk 0:01:56]} 31. Rxh5 {[%clk 0:01:33]} Ke6 {[%clk 0:02:05]} 32. Nf3
{[%clk 0:01:12]} Nd6 {[%clk 0:02:04]} 33. Rg1 {[%clk 0:00:28]} Ne4+
{[%clk 0:02:12]} 34. Ke2 {[%clk 0:00:36]} Bb5+ {[%clk 0:01:54]} 35. Ke1
{[%clk 0:00:42]} Nxc3 {[%clk 0:01:53]} 36. bxc3 Ra8 37. Rg7 {[%clk 0:00:48]} Rxa3
{[%clk 0:02:08]} 38. f5+ {[%clk 0:00:30]} Kd6 {[%clk 0:02:16]} 39. Rhh7
{[%clk 0:00:38]} Bd8 {[%clk 0:02:23]} 40. Rh8 {[%clk 0:00:36]} Be7
{[%clk 0:02:22]} 41. Rb8 {[%clk 0:00:44]} Ra6 {[%clk 0:02:00]} 42. Nh4
{[%clk 0:00:38]} Kc7 {[%clk 0:01:51]} 43. Rh8 {[%clk 0:00:38]} Kd6
{[%clk 0:01:14]} 44. Ng6 Ra7 45. Rb8 {[%clk 0:00:48]} Bc6 {[%clk 0:01:31]} 46.
Rxb6 {[%clk 0:00:29]} Ra1+ {[%clk 0:01:40]} 47. Kf2 Bd8 48. Rb8 {[%clk 0:00:44]}
Ba5 {[%clk 0:01:46]} 49. Ra7 {[%clk 0:00:28]} d4 {[%clk 0:01:31]} 50. Rxa5
{[%clk 0:00:16]} Rxa5 {[%clk 0:01:33]} 51. exd4 {[%clk 0:00:23]} cxd4
{[%clk 0:01:41]} 52. cxd4 {[%clk 0:00:32]} Rxf5+ {[%clk 0:01:49]} 53. Ke3
{[%clk 0:00:39]} Rf3+ {[%clk 0:01:58]} 54. Ke2 {[%clk 0:00:46]} Ke5 1/2-1/2

[Event "RAPID Gran Prix 2016"]
[Site "Khanty-Mansiysk"]
[Date "2016.12.02"]
[Round "6.8"]
[White "Rublevsky, Sergei"]
[Black "Jakovenko, Dmitry"]
[Result "1/2-1/2"]
[LiveChessVersion "1.4.4"]
[BlackElo "2699"]
[WhiteElo "2718"]

1. e4 {[%clk 0:15:18]} e5 {[%clk 0:15:19]} 2. Bc4 {[%clk 0:15:26]} Nf6
{[%clk 0:15:27]} 3. d3 {[%clk 0:15:32]} Nc6 {[%clk 0:15:36]} 4. Nc3
{[%clk 0:15:40]} Na5 {[%clk 0:15:44]} 5. Qf3 {[%clk 0:15:48]} d6 {[%clk 0:15:21]}
6. Nge2 {[%clk 0:15:26]} Be7 {[%clk 0:15:24]} 7. h3 {[%clk 0:13:49]} O-O
{[%clk 0:15:30]} 8. O-O {[%clk 0:13:54]} Be6 {[%clk 0:15:38]} 9. b3
{[%clk 0:11:53]} Qd7 {[%clk 0:14:23]} 10. a4 {[%clk 0:10:13]} Rad8
{[%clk 0:14:04]} 11. Ba3 {[%clk 0:09:42]} Ne8 {[%clk 0:11:24]} 12. Qe3
{[%clk 0:07:37]} a6 {[%clk 0:08:34]} 13. f4 {[%clk 0:07:06]} Nxc4
{[%clk 0:08:38]} 14. bxc4 {[%clk 0:07:14]} exf4 {[%clk 0:06:43]} 15. Nxf4
{[%clk 0:07:21]} Bf6 {[%clk 0:06:43]} 16. Bb2 {[%clk 0:07:04]} c6
{[%clk 0:06:47]} 17. Rab1 {[%clk 0:06:46]} Rb8 {[%clk 0:05:39]} 18. Nce2
{[%clk 0:05:47]} b5 {[%clk 0:05:11]} 19. axb5 {[%clk 0:04:41]} axb5
{[%clk 0:05:19]} 20. Bxf6 {[%clk 0:04:19]} Nxf6 {[%clk 0:05:27]} 21. cxb5
{[%clk 0:04:26]} Rxb5 {[%clk 0:05:27]} 22. Rxb5 {[%clk 0:04:34]} cxb5
{[%clk 0:05:36]} 23. Rb1 {[%clk 0:04:34]} Qc7 {[%clk 0:05:33]} 24. Rb2
{[%clk 0:04:09]} Bd7 {[%clk 0:05:30]} 25. Qd4 {[%clk 0:04:02]} Rc8
{[%clk 0:04:43]} 26. Ra2 {[%clk 0:03:56]} Be8 {[%clk 0:04:41]} 27. Kh2
{[%clk 0:01:42]} Qc5 {[%clk 0:04:26]} 28. Ra6 {[%clk 0:01:06]} Rd8
{[%clk 0:03:20]} 29. Qxc5 {[%clk 0:00:47]} dxc5 {[%clk 0:03:29]} 30. e5
{[%clk 0:00:56]} Nd7 {[%clk 0:03:02]} 31. e6 {[%clk 0:01:00]} Nf6
{[%clk 0:03:01]} 32. Ng3 {[%clk 0:00:34]} fxe6 {[%clk 0:02:29]} 33. Nxe6
{[%clk 0:00:43]} Rd5 {[%clk 0:02:38]} 34. Ra7 {[%clk 0:00:44]} Bd7
{[%clk 0:02:37]} 35. Nc7 {[%clk 0:00:30]} Re5 {[%clk 0:02:06]} 36. Ra5
{[%clk 0:00:35]} h5 {[%clk 0:01:23]} 37. Nxb5 {[%clk 0:00:44]} h4
{[%clk 0:01:31]} 38. Nf1 {[%clk 0:00:52]} Re2 {[%clk 0:01:34]} 39. Nc3
{[%clk 0:01:00]} Rxc2 {[%clk 0:01:41]} 40. Rxc5 {[%clk 0:01:08]} Rf2
{[%clk 0:01:18]} 41. Ne3 {[%clk 0:01:15]} Rd2 {[%clk 0:01:27]} 42. Ned5
{[%clk 0:00:45]} Nxd5 {[%clk 0:01:13]} 43. Nxd5 {[%clk 0:00:44]} Rxd3
{[%clk 0:01:20]} 44. Nf4 {[%clk 0:00:49]} Rd4 {[%clk 0:01:26]} 45. Rd5
{[%clk 0:00:57]} 1/2-1/2

[Event "RAPID Gran Prix 2016"]
[Site "Khanty-Mansiysk"]
[Date "2016.12.02"]
[Round "7.1"]
[White "Jakovenko, Dmitry"]
[Black "Anikonov, Dmitry"]
[Result "1-0"]
[LiveChessVersion "1.4.4"]
[BlackElo "2451"]
[WhiteElo "2699"]

1. d4 {[%clk 0:15:19]} d6 {[%clk 0:15:20]} 2. Nf3 {[%clk 0:15:27]} Nc6
{[%clk 0:15:29]} 3. e4 {[%clk 0:15:32]} Nf6 {[%clk 0:15:37]} 4. Nc3
{[%clk 0:15:40]} g6 {[%clk 0:15:47]} 5. Be2 {[%clk 0:15:47]} Bg7 {[%clk 0:15:55]}
6. O-O {[%clk 0:15:54]} O-O {[%clk 0:16:01]} 7. d5 {[%clk 0:16:03]} Nb8
{[%clk 0:16:09]} 8. Bg5 {[%clk 0:15:49]} h6 {[%clk 0:16:05]} 9. Bf4
{[%clk 0:15:52]} c6 {[%clk 0:16:04]} 10. h3 {[%clk 0:15:46]} g5 {[%clk 0:13:39]}
11. Be3 {[%clk 0:15:27]} b5 {[%clk 0:13:47]} 12. a3 {[%clk 0:15:31]} a6
{[%clk 0:13:42]} 13. Qd2 {[%clk 0:14:56]} Qc7 {[%clk 0:11:47]} 14. Nh2
{[%clk 0:11:16]} c5 {[%clk 0:09:26]} 15. b4 {[%clk 0:11:25]} Bb7 {[%clk 0:07:32]}
16. f4 {[%clk 0:10:39]} Rc8 {[%clk 0:04:47]} 17. bxc5 {[%clk 0:09:49]} dxc5
{[%clk 0:04:44]} 18. Bf3 {[%clk 0:08:09]} b4 {[%clk 0:03:09]} 19. Na4
{[%clk 0:07:45]} Nbd7 {[%clk 0:03:02]} 20. fxg5 {[%clk 0:06:51]} hxg5
{[%clk 0:03:10]} 21. Bxg5 {[%clk 0:07:00]} Qe5 {[%clk 0:02:54]} 22. Bh6
{[%clk 0:03:30]} Qd4+ {[%clk 0:01:52]} 23. Qxd4 {[%clk 0:03:36]} cxd4
{[%clk 0:02:00]} 24. Bxg7 {[%clk 0:03:45]} Kxg7 {[%clk 0:02:09]} 25. Rfb1
{[%clk 0:02:48]} a5 {[%clk 0:02:07]} 26. axb4 {[%clk 0:02:53]} Rxc2
{[%clk 0:02:12]} 27. bxa5 {[%clk 0:02:54]} Ba6 {[%clk 0:02:21]} 28. Nb6
{[%clk 0:02:41]} Rb8 {[%clk 0:02:11]} 29. Ng4 {[%clk 0:02:31]} Nxg4
{[%clk 0:01:26]} 30. Nxd7 {[%clk 0:02:40]} Rxb1+ {[%clk 0:01:35]} 31. Rxb1
{[%clk 0:02:48]} Ne3 {[%clk 0:01:44]} 32. Nb8 {[%clk 0:02:48]} Bc4
{[%clk 0:01:38]} 33. Ra1 {[%clk 0:02:09]} d3 {[%clk 0:01:23]} 34. Ra3
{[%clk 0:01:37]} Rb2 {[%clk 0:00:22]} 35. Nc6 {[%clk 0:01:24]} Ba6
{[%clk 0:00:25]} 36. Nxe7 {[%clk 0:00:53]} Nc2 {[%clk 0:00:19]} 37. Rc3
{[%clk 0:00:52]} d2 {[%clk 0:00:27]} 38. Nf5+ {[%clk 0:00:46]} Kh7
{[%clk 0:00:36]} 39. d6 {[%clk 0:00:47]} Ne1 {[%clk 0:00:35]} 40. Bd1
{[%clk 0:00:44]} Rb1 {[%clk 0:00:25]} 41. Ne3 {[%clk 0:00:53]} Rb7
{[%clk 0:00:24]} 42. Rc7 {[%clk 0:00:56]} Rb4 {[%clk 0:00:29]} 43. d7
{[%clk 0:01:01]} Rb8 {[%clk 0:00:32]} 44. Nf1 {[%clk 0:00:50]} Nd3
{[%clk 0:00:26]} 45. Nxd2 {[%clk 0:00:53]} Ne5 {[%clk 0:00:34]} 46. Nf3
{[%clk 0:01:01]} 1-0